[Event "Game 1"]
[Site "http://www.queenalice.com/game.php?id=7782"]
[Date "2005.3.25"]
[Round "-"]
[White "ashmaster"]
[Black "recruta_zero"]
[Result "0-1"]
[WhiteElo "1207"]
[BlackElo "1633"]

1. e4 e5 2. Nf3 Nc6 3. Bc4 d6 4. h3 Nf6 5. Ng5 d5 6. exd5 Nxd5 7. Bxd5 Qxd5 8.
O-O Be7 9. Nc3 Qd4 10. Nf3 Qf4 11. d4 Qf6 12. dxe5 Nxe5 13. Bg5 Qe6 14. Bxe7
Qxe7 15. Re1 f6 16. Qe2 O-O 17. Nxe5 fxe5 18. Qxe5 Qxe5 19. Rxe5 Bf5 20. Rc1 a6
21. g4 Bg6 22. Re7 Rf7 23. Nd5 c6 24. Rxf7 Bxf7 25. Ne7+ Kf8 26. Nf5 Bxa2 27.
Rd1 Bd5 28. c4 Be6 29. b3 Bxf5 30. gxf5 Ke7 31. Re1+ Kf6 32. Kg2 b5 33. Re6+
Kxf5 34. Rxc6 bxc4 35. bxc4 a5 36. Rc7 Kf6 37. c5 a4 38. Rb7 a3 39. Rb1 Ke6 0-1

[Event "Challenge"]
[Site "http://www.queenalice.com/game.php?id=7802"]
[Date "2005.3.26"]
[Round "-"]
[White "recruta_zero"]
[Black "AnnCybr"]
[Result "1-0"]
[WhiteElo "1631"]
[BlackElo "1096"]

1. e4 e5 2. Bb5 Qe7 3. Qf3 Nf6 4. Nc3 c6 5. Bc4 d6 6. d3 Bd7 7. Bg5 h6 8. Bxf6
gxf6 9. Nge2 c5 10. Ng3 Nc6 11. Nh5 f5 12. exf5 O-O-O 13. f6 Qe8 14. a3 a6 15.
O-O Rg8 16. Qe4 b6 17. Nd5 b5 18. Nb6+ Kc7 19. Nd5+ Kc8 20. Nb6+ Kc7 21. Nxd7
Rxd7 22. Bd5 Ne7 23. fxe7 Bxe7 24. Bc6 b4 25. Bxd7 Qxd7 26. axb4 cxb4 27. Qc4+
Kd8 28. Qxf7 Re8 29. Ng7 Rf8 30. Ne6+ Kc8 31. Nxf8 1-0

[Event "AUTO-OPEN-68"]
[Site "http://www.queenalice.com/game.php?id=8535"]
[Date "2005.4.1"]
[Round "1"]
[White "recruta_zero"]
[Black "ashmaster"]
[Result "1-0"]
[WhiteElo "1500"]
[BlackElo "1207"]

1. e4 e5 2. Bb5 c6 3. Bc4 Nf6 4. d3 d5 5. exd5 cxd5 6. Bb5+ Bd7 7. Bxd7+ Qxd7 8.
Nf3 e4 9. dxe4 dxe4 10. Qxd7+ Nfxd7 11. Ng5 Nf6 12. Nc3 Bb4 13. Bd2 h6 14. Ngxe4
Nxe4 15. Nxe4 Bxd2+ 16. Nxd2 O-O 17. O-O Rd8 18. Nc4 b5 19. Ne5 Re8 20. Rfe1 f6
21. Ng6 Rxe1+ 22. Rxe1 a6 23. h3 Nc6 24. c3 b4 25. cxb4 Nxb4 26. a3 Nd3 27. Re2
Rb8 28. b4 1-0

[Event "AUTO-OPEN-68"]
[Site "http://www.queenalice.com/game.php?id=8536"]
[Date "2005.4.1"]
[Round "1"]
[White "ashmaster"]
[Black "recruta_zero"]
[Result "0-1"]
[WhiteElo "1207"]
[BlackElo "1554"]

1. e4 e5 2. Nf3 Nc6 3. Bb5 a6 4. Bxc6 dxc6 5. O-O Bd6 6. h3 Nf6 7. d3 h6 8. c4
O-O 9. a3 b5 10. Be3 bxc4 11. b4 cxd3 12. Qxd3 Be6 13. Nc3 Qd7 14. Bc5 Bxc5 15.
Qxd7 Bxd7 16. Nxe5 Bd4 17. Nxd7 Rfe8 18. Nxf6+ Bxf6 19. Rac1 Bg5 20. f4 Bf6 21.
e5 Bh4 22. Kh2 Rad8 23. g3 Rd2+ 24. Kg1 Bxg3 25. Ne4 Bh2+ 26. Kh1 Re2 27. Rxc6
f5 28. Nc3 Rc2 0-1

[Event "Challenge"]
[Site "http://www.queenalice.com/game.php?id=12497"]
[Date "2005.5.10"]
[Round "-"]
[White "recruta_zero"]
[Black "dnptrs"]
[Result "0-1"]
[WhiteElo "1633"]
[BlackElo "1911"]

1. e4 c5 2. Bc4 e6 3. Nf3 Nc6 4. d3 Nf6 5. Bg5 h6 6. Bxf6 Qxf6 7. Nc3 a6 8. Qe2
Nd4 9. Nxd4 cxd4 10. e5 Qg5 11. Na4 Bb4+ 12. Kf1 Qd8 13. Qg4 b5 14. Qxg7 Rf8 15.
a3 Be7 16. Nb6 Qxb6 17. Bb3 Bb7 18. f3 Qc6 19. Qxh6 Rg8 20. Qh7 Rxg2 21. Qe4 Rg7
22. Qxc6 Bxc6 23. Kf2 O-O-O 24. h4 Rdg8 25. h5 Rg2+ 26. Kf1 Bh4 27. h6 Rf2+ 28.
Ke1 Rh2+ 29. Kd1 Rxh1+ 30. Ke2 Rg2# 0-1

[Event "Challenge"]
[Site "http://www.queenalice.com/game.php?id=12635"]
[Date "2005.5.11"]
[Round "-"]
[White "dnptrs"]
[Black "recruta_zero"]
[Result "1-0"]
[WhiteElo "1918"]
[BlackElo "1615"]

1. d4 e6 2. c4 Bb4+ 3. Nc3 Nf6 4. Qc2 Bxc3+ 5. bxc3 Ng4 6. Nf3 Nc6 7. Bg5 f6 8.
Bd2 d6 9. g3 e5 10. h3 Nh6 11. Bxh6 gxh6 12. Rd1 Qd7 13. h4 Qe6 14. d5 Qf5 15.
Qxf5 Bxf5 16. dxc6 bxc6 17. Nd2 Rb8 18. Bg2 Rb6 19. O-O Kd7 20. e4 Bg6 21. Rb1
Bh5 22. Rb3 Rhb8 23. Rfb1 Bg4 24. f3 Be6 25. Kf2 f5 26. Bh3 h5 27. exf5 Bf7 28.
Ke2 Ke7 29. Kd3 d5 30. Rxb6 cxb6 31. cxd5 Bxd5 32. Ne4 Bxa2 33. Ra1 Rd8+ 34. Ke3
Bd5 35. Rxa7+ Ke8 36. Rxh7 Bf7 37. Rh8+ Ke7 38. f6# 1-0

[Event "Challenge"]
[Site "http://www.queenalice.com/game.php?id=13608"]
[Date "2005.5.19"]
[Round "-"]
[White "tenmaia"]
[Black "recruta_zero"]
[Result "1-0"]
[WhiteElo "1408"]
[BlackElo "1631"]

1. d4 e6 2. d5 exd5 3. Qxd5 Qf6 4. Qe4+ Be7 5. Nf3 Qc6 6. Qxc6 Nxc6 7. e3 d6 8.
Bb5 Bd7 9. Bxc6 Bxc6 10. Nc3 Nf6 11. e4 Nxe4 12. Nxe4 Bxe4 13. O-O Bxc2 14. Re1
Bf5 15. Nd4 g6 16. Bg5 Be6 17. Nxe6 Bxg5 18. Nxc7+ Kd7 19. Nxa8 Rxa8 20. Rad1
Rc8 21. Rd3 Bf6 22. b3 1-0

[Event "Challenge"]
[Site "http://www.queenalice.com/game.php?id=13866"]
[Date "2005.5.21"]
[Round "-"]
[White "Gebot"]
[Black "recruta_zero"]
[Result "1-0"]
[WhiteElo "1742"]
[BlackElo "1603"]

1. e4 e5 2. Bc4 Nf6 3. d3 Nc6 4. Bg5 Be7 5. Nc3 h6 6. Bh4 Nd4 7. Nf3 Nxf3+ 8.
Qxf3 d6 9. Bxf6 Bxf6 10. Nd5 c6 11. Nxf6+ 1-0

[Event "AUTO-INT-150"]
[Site "http://www.queenalice.com/game.php?id=99792"]
[Date "2006.8.27"]
[Round "1"]
[White "pitzenj"]
[Black "recruta_zero"]
[Result "1-0"]
[WhiteElo "1411"]
[BlackElo "1557"]

1. e4 e5 2. Nf3 d6 3. Nc3 Bg4 4. d3 Na6 5. Be2 Nh6 6. Bd2 Bxf3 7. Bxf3 Be7 8.
Bxh6 gxh6 9. Bh5 Bh4 10. O-O c6 11. a4 Nc5 12. b4 Na6 13. Qg4 Qg5 14. Qf3 Qf6
15. Qh3 Nxb4 16. Rac1 Rg8 17. Ne2 Rg5 18. Bf3 Qe6 19. Qxh4 O-O-O 20. a5 Rdg8 21.
Ng3 Na2 22. Rb1 b5 23. axb6 axb6 24. Rxb6 Kc7 25. Ra6 Nb4 26. Ra7+ Kb6 27. Ra4
Nxc2 28. Rb1+ Kc7 29. Ra7+ Kc8 30. Bh5 Rf8 31. Nf5 Nd4 32. Ra8+ Kd7 33. Rb7# 1-0

[Event "AUTO-INT-150"]
[Site "http://www.queenalice.com/game.php?id=99793"]
[Date "2006.8.27"]
[Round "1"]
[White "recruta_zero"]
[Black "pitzenj"]
[Result "1-0"]
[WhiteElo "1530"]
[BlackElo "1403"]

1. e4 e5 2. Qh5 d6 3. Bc4 g6 4. Qf3 Nh6 5. d3 Bg7 6. Bxh6 O-O 7. Bxg7 Kxg7 8.
Nh3 Nc6 9. Na3 Nd4 10. Qe3 a5 11. c3 Nc6 12. Ng5 h6 13. Nh3 Qf6 14. Qf3 Qe7 15.
Nb5 b6 16. Bd5 Bb7 17. Bxc6 Bxc6 18. c4 Bxb5 19. cxb5 d5 20. exd5 Qb4+ 21. Kd1
Qxb2 22. Rc1 Qxa2 23. Re1 f6 24. Rxc7+ Rf7 25. Rxf7+ Kxf7 26. d6 a4 27. Qxa8
Qb3+ 28. Ke2 Qc2+ 29. Kf1 Qxd3+ 30. Kg1 Qxd6 31. Qxa4 g5 32. Qa7+ Kg6 33. Kh1
Qb4 34. Ra1 Qxb5 35. Qa6 Qc5 36. f3 Qd4 37. Qa4 Qd2 38. Qe8+ Kf5 39. g4# 1-0

[Event "AUTO-INT-150"]
[Site "http://www.queenalice.com/game.php?id=99810"]
[Date "2006.8.27"]
[Round "1"]
[White "recruta_zero"]
[Black "gvbarbosa"]
[Result "0-1"]
[WhiteElo "1543"]
[BlackElo "1722"]

1. e4 c5 2. Bc4 Nc6 3. Qh5 g6 4. Qxc5 d6 5. Qd5 Nf6 6. Qd3 Bg7 7. Bb5 O-O 8.
Bxc6 bxc6 9. Nf3 Qb6 10. Qe3 Nxe4 11. Qxe4 Bxb2 12. Bxb2 Qxb2 13. Qd4 Qc1+ 14.
Ke2 Qxh1 15. Na3 Qxg2 16. Qe4 Ba6+ 17. d3 c5 18. Rg1 f5 19. Rxg2 fxe4 20. Ng5
exd3+ 21. cxd3 Rab8 22. Ke3 Rb2 23. Ne6 Rf6 24. Nc7 Rxa2 25. Nb1 Bb7 26. Nc3
Rf3# 0-1

[Event "AUTO-INT-150"]
[Site "http://www.queenalice.com/game.php?id=99811"]
[Date "2006.8.27"]
[Round "1"]
[White "gvbarbosa"]
[Black "recruta_zero"]
[Result "1-0"]
[WhiteElo "1750"]
[BlackElo "1533"]

1. d4 e6 2. e4 Bb4+ 3. Bd2 Bxd2+ 4. Nxd2 d5 5. Ngf3 dxe4 6. Nxe4 Nf6 7. Bd3 Nxe4
8. Bxe4 Nc6 9. O-O Qd6 10. Re1 Nb4 11. a3 Nc6 12. Qd3 g6 13. d5 exd5 14. Bxd5+
Kf8 15. Ng5 Ne5 16. Qe4 f6 17. Bxb7 Bxb7 18. Qxb7 Re8 19. Rad1 Qb6 20. Qd5 Qd6
21. Qxd6+ cxd6 22. Ne4 Nc4 23. Nxf6 Rxe1+ 24. Rxe1 Kg7 25. Ne8+ Kh6 26. h4 d5
27. g4 Nxb2 28. Kg2 Rf8 29. g5+ Kh5 30. Kg3 Rf7 31. Nf6+ Rxf6 32. gxf6 Kh6 33.
Re8 Nc4 34. f7 Kh5 35. f8=Q Nd6 36. Re5+ Nf5+ 37. Rxf5+ gxf5 38. Qxf5+ Kh6 39.
Qg5# 1-0

[Event "AUTO-INT-150"]
[Site "http://www.queenalice.com/game.php?id=99812"]
[Date "2006.8.27"]
[Round "1"]
[White "recruta_zero"]
[Black "milo_krokodil4e"]
[Result "0-1"]
[WhiteElo "1562"]
[BlackElo "1872"]

1. e4 e5 2. Bc4 Bc5 3. Qf3 Nf6 4. d3 d5 5. exd5 Bg4 6. Qg3 O-O 7. Be3 Bxe3 8.
Qxe3 Nxd5 9. Qe4 Nf6 10. Qxb7 Nbd7 11. h3 Bh5 12. Nf3 Nc5 13. Qc6 e4 14. Qxc5
exf3 15. g3 Re8+ 16. Kd1 Ne4 17. Qd5 Nxf2+ 18. Kd2 Re2+ 19. Kc3 Qf6+ 20. d4 Ne4+
21. Kb3 Rb8+ 22. Bb5 c6 23. Qxh5 Rxb5+ 24. Qxb5 cxb5 25. Nc3 Qc6 26. Nxe2 Qc4+
27. Ka3 Qa4# 0-1

[Event "AUTO-INT-150"]
[Site "http://www.queenalice.com/game.php?id=99813"]
[Date "2006.8.27"]
[Round "1"]
[White "milo_krokodil4e"]
[Black "recruta_zero"]
[Result "1-0"]
[WhiteElo "1714"]
[BlackElo "1576"]

1. e4 e5 2. Nf3 d6 3. d4 exd4 4. Nxd4 Nf6 5. Nc3 Qe7 6. Bg5 h6 7. Bxf6 Qxf6 8.
Nd5 Qd8 9. Bc4 Nc6 10. Nb5 Rb8 11. Nbxc7+ Kd7 12. Qg4+ f5 13. Qxf5# 1-0